[Event "GCT London Finals 2019"]
[Site "London ENG"]
[Date "2019.12.07"]
[Round "4"]
[White "Ding, Liren"]
[Black "Vachier-Lagrave, Maxime"]
[Result "1-0"]
[WhiteElo "2801"]
[BlackElo "2780"]
[PlyCount "99"]
[EventDate "2019.12.02"]

1. c4 c5 2. g3 g6 3. Bg2 Bg7 4. Nc3 Nc6 5. Nf3 e5 6. O-O Nge7 7. d3 d6 8. a3 a5
9. Rb1 O-O 10. b3 Rb8 11. Bb2 h6 12. Nd2 Be6 13. Nd5 b5 14. e3 Qd7 15. Re1 Bg4
16. Qc2 Rfc8 17. Ne4 Nxd5 18. cxd5 Ne7 19. Nd2 Bh3 20. Bh1 Nf5 21. a4 h5 22.
axb5 Rxb5 23. Ra1 h4 24. Bc3 Ra8 25. Ra4 Qd8 26. Bf3 Rab8 27. Rea1 Bh6 28. Re1
Qg5 29. Ne4 Qd8 30. Ra3 Ne7 31. Nd2 Nf5 32. Qd1 Bg7 33. g4 Nh6 34. Kh1 f5 35.
gxf5 gxf5 36. Rg1 Qd7 37. Qe2 Kh8 38. Ra4 Rxb3 39. Rxh4 Rxc3 40. Rxh3 a4 41. e4
Rc2 42. Rh5 f4 43. Qd1 Rbb2 44. Nc4 a3 45. Bg4 Qd8 46. Nxb2 Rxb2 47. Be6 a2 48.
Rxg7 Kxg7 49. Qg1+ Kf8 50. Rf5+ 1-0

[Event "GCT London Finals 2019"]
[Site "London ENG"]
[Date "2019.12.07"]
[Round "4"]
[White "Aronian, Levon"]
[Black "Carlsen, Magnus"]
[Result "1/2-1/2"]
[WhiteElo "2775"]
[BlackElo "2872"]
[PlyCount "162"]
[EventDate "2019.12.02"]

1. d4 Nf6 2. c4 g6 3. f3 Nc6 4. d5 Ne5 5. e4 d6 6. Nc3 Bg7 7. f4 Ned7 8. Be3
O-O 9. Be2 e6 10. dxe6 fxe6 11. h4 b5 12. cxb5 Bb7 13. Qb3 Kh8 14. Bf3 e5 15.
Nh3 Nh5 16. Bxh5 gxh5 17. f5 Nf6 18. Nf2 a6 19. b6 cxb6 20. Bxb6 Qd7 21. Rd1
Rac8 22. Be3 h6 23. Rh3 d5 24. exd5 Ba8 25. Rf3 Rb8 26. Qc2 Rfc8 27. Qe2 Qf7
28. Qd2 Kh7 29. Nfe4 Nxe4 30. Nxe4 Rd8 31. f6 Bf8 32. Qc2 Kh8 33. Nc3 Rb4 34.
Qf2 Bxd5 35. Bc5 Rd4 36. Bxd4 Bxf3 37. gxf3 exd4 38. Rxd4 Rb8 39. Qh2 Rb6 40.
Nd5 Qe6+ 41. Qe2 Qg8 42. Kf1 Re6 43. f7 Qxf7 44. Rf4 Qg6 45. Rxf8+ Kg7 46. Qd1
Kxf8 47. Nf4 Qe8 48. Nxe6+ Qxe6 49. Qd8+ Kf7 50. Qc7+ Ke8 51. Qb8+ Kd7 52. Qb7+
Kd8 53. Qb8+ Kd7 54. Qa7+ Ke8 55. b3 Qh3+ 56. Ke2 Qxh4 57. Qb8+ Ke7 58. Qc7+
Kf8 59. Qc5+ Kg7 60. Qe5+ Kg8 61. a4 Qh1 62. Qb8+ Kf7 63. Qf4+ Ke8 64. Qb8+ Kd7
65. Qa7+ Kd8 66. Qd4+ Ke8 67. Qe5+ Kd7 68. Qd4+ Ke8 69. b4 Qg2+ 70. Qf2 Qg5 71.
f4 Qd5 72. Qe3+ Kf7 73. Qa7+ Ke8 74. Qc5 Qa2+ 75. Kf3 Qxa4 76. Qxh5+ Ke7 77.
Qe5+ Kf7 78. Qd5+ Kg7 79. Qd4+ Kf7 80. Qd5+ Kg7 81. Qd4+ Kf7 1/2-1/2

[Event "GCT London Finals (tie-break) 2019"]
[Site "London ENG"]
[Date "2019.12.08"]
[Round "2"]
[White "Ding, Liren"]
[Black "Vachier-Lagrave, Maxime"]
[Result "1-0"]
[WhiteElo "2801"]
[BlackElo "2780"]
[PlyCount "77"]
[EventDate "2019.12.02"]

1. d4 Nf6 2. c4 g6 3. g3 c5 4. Nf3 Bg7 5. Bg2 O-O 6. d5 d6 7. Nc3 e6 8. O-O
exd5 9. cxd5 Re8 10. Re1 Bf5 11. Nd2 Na6 12. e4 Bg4 13. f3 Bd7 14. Nc4 Qb8 15.
Bf4 Bf8 16. a4 Nb4 17. Qd2 Nh5 18. Bg5 f6 19. Be3 f5 20. exf5 Bxf5 21. g4 Bd3
22. Bf1 Bxf1 23. Kxf1 Nf6 24. Bg5 Bg7 25. Bf4 Qd8 26. Nxd6 Rf8 27. Kg2 Qd7 28.
Bg3 h5 29. g5 Ne8 30. Re6 h4 31. Bf4 h3+ 32. Kg3 Nxd6 33. Bxd6 Rf5 34. Rae1 Bf8
35. Rxg6+ Kh7 36. Ree6 Re8 37. Bxf8 Rxe6 38. Rxe6 Rxf8 39. f4 1-0

[Event "GCT London Finals (tie-break) 2019"]
[Site "London ENG"]
[Date "2019.12.08"]
[Round "2"]
[White "Aronian, Levon"]
[Black "Carlsen, Magnus"]
[Result "1-0"]
[WhiteElo "2775"]
[BlackElo "2872"]
[PlyCount "81"]
[EventDate "2019.12.02"]

1. Nf3 d5 2. c4 d4 3. b4 c5 4. g3 cxb4 5. a3 b3 6. d3 Nc6 7. Nbd2 a5 8. Qxb3 a4
9. Qc2 e5 10. Bg2 Nf6 11. O-O Be7 12. Rb1 O-O 13. Rb5 Nd7 14. Bb2 Nc5 15. Rb1
Qc7 16. Bc1 Na5 17. R5b2 Bd7 18. Qd1 Bc6 19. Ne1 Bxg2 20. Kxg2 Ncb3 21. Nc2 b5
22. cxb5 Rfb8 23. Nxb3 axb3 24. Nb4 Rxb5 25. e4 dxe3 26. Qf3 Rd8 27. Bxe3 Qd7
28. Rc1 f5 29. Rbb1 Qe6 30. Bd2 e4 31. Qe3 Bxb4 32. Bxb4 Rxd3 33. Qa7 Nc4 34.
Rxc4 Qxc4 35. Qa8+ Kf7 36. Qf8+ Kg6 37. Rc1 Qxc1 38. Qe8+ Kh6 39. Qe6+ g6 40.
Bf8+ Kh5 41. Qe7 1-0

[Event "GCT London Finals (tie-break) 2019"]
[Site "London ENG"]
[Date "2019.12.08"]
[Round "2"]
[White "Vachier-Lagrave, Maxime"]
[Black "Ding, Liren"]
[Result "1/2-1/2"]
[WhiteElo "2780"]
[BlackElo "2801"]
[PlyCount "84"]
[EventDate "2019.12.02"]

1. c4 Nf6 2. Nf3 e6 3. e3 d5 4. b3 c5 5. Bb2 Nc6 6. cxd5 exd5 7. Bb5 Bd6 8. O-O
O-O 9. d4 cxd4 10. Nxd4 Bc7 11. Nd2 Qd6 12. N2f3 Bg4 13. Bxc6 bxc6 14. Qc2 Bxf3
15. Nxf3 Ne4 16. Rfd1 Rac8 17. Be5 Qe7 18. Bxc7 Rxc7 19. Rac1 Rd8 20. Qb2 c5
21. Qe5 Qxe5 22. Nxe5 g6 23. b4 Rdc8 24. f3 Nf6 25. bxc5 Rxc5 26. Rxc5 Rxc5 27.
Rd2 Kf8 28. Rb2 Rc7 29. Kf2 Ke7 30. g4 Nd7 31. Nd3 Nb6 32. Nf4 Rc5 33. Ne2 Ra5
34. Nd4 Kf6 35. h4 h6 36. Rc2 Nc4 37. e4 Ra4 38. Nb5 dxe4 39. Nc3 e3+ 40. Ke2
Na3 41. Rc1 Rc4 42. Kxe3 Ke5 1/2-1/2

[Event "GCT London Finals (tie-break) 2019"]
[Site "London ENG"]
[Date "2019.12.08"]
[Round "2"]
[White "Carlsen, Magnus"]
[Black "Aronian, Levon"]
[Result "1-0"]
[WhiteElo "2872"]
[BlackElo "2775"]
[PlyCount "71"]
[EventDate "2019.12.02"]

1. d4 Nf6 2. Nf3 d5 3. Bf4 c5 4. e3 Nc6 5. Nbd2 cxd4 6. exd4 Qb6 7. Nb3 a6 8.
Be2 Bg4 9. a4 e6 10. a5 Qd8 11. Ne5 Bxe2 12. Qxe2 Rc8 13. c3 Be7 14. h4 Nxe5
15. Bxe5 Nd7 16. h5 Nxe5 17. dxe5 O-O 18. Ra4 Qd7 19. Rg4 f5 20. exf6 Bxf6 21.
O-O e5 22. h6 Kh8 23. hxg7+ Bxg7 24. Rd1 Qf7 25. Rd3 e4 26. Rh3 Rc6 27. Rgh4 h6
28. Qe3 Rf6 29. Nd4 Rxf2 30. Rxh6+ Kg8 31. Qg3 Rf1+ 32. Kh2 Qf4 33. Ne6 Qxg3+
34. Rxg3 R8f7 35. Rhg6 e3 36. Rxe3 1-0

[Event "GCT London Finals (tie-break) 2019"]
[Site "London ENG"]
[Date "2019.12.08"]
[Round "2"]
[White "Ding, Liren"]
[Black "Vachier-Lagrave, Maxime"]
[Result "0-1"]
[WhiteElo "2801"]
[BlackElo "2780"]
[PlyCount "92"]
[EventDate "2019.12.02"]

1. d4 Nf6 2. c4 g6 3. Nf3 Bg7 4. e3 O-O 5. Be2 b6 6. O-O Bb7 7. Nc3 e6 8. b3 c5
9. dxc5 bxc5 10. Bb2 Qe7 11. Qc2 Nc6 12. Rad1 Rfd8 13. Rd2 d5 14. Rfd1 Rac8 15.
Qb1 d4 16. exd4 cxd4 17. Nxd4 Nxd4 18. Rxd4 Rxd4 19. Rxd4 Nd5 20. Nxd5 exd5 21.
Qd1 Re8 22. Bf1 Qe1 23. Qxe1 Rxe1 24. Rd2 Bxb2 25. Rxb2 Rc1 26. f3 Ba6 27. Kf2
dxc4 28. bxc4 Kg7 29. Rb4 Rc2+ 30. Kg3 Rxa2 31. Bd3 f5 32. Rb8 Rd2 33. Ra8 Kf6
34. Rxa7 Bc8 35. Bf1 g5 36. h4 f4+ 37. Kh2 g4 38. fxg4 Bxg4 39. Rxh7 Rd1 40.
Kg1 Be2 41. Kf2 Bxf1 42. g3 Bd3 43. Rh6+ Kg7 44. Rd6 Rf1+ 45. Kg2 f3+ 46. Kh2
Be4 0-1

[Event "GCT London Finals (tie-break) 2019"]
[Site "London ENG"]
[Date "2019.12.08"]
[Round "2"]
[White "Aronian, Levon"]
[Black "Carlsen, Magnus"]
[Result "1/2-1/2"]
[WhiteElo "2775"]
[BlackElo "2872"]
[PlyCount "104"]
[EventDate "2019.12.02"]

1. Nf3 d5 2. e3 Nf6 3. c4 c6 4. Nc3 a6 5. Qc2 Bg4 6. Ne5 e6 7. cxd5 exd5 8.
Nxg4 Nxg4 9. h3 Nf6 10. g3 g6 11. Bg2 Bg7 12. Ne2 O-O 13. b3 Nbd7 14. Bb2 Re8
15. d3 Nh5 16. O-O Bxb2 17. Qxb2 Qf6 18. Qc2 a5 19. e4 dxe4 20. dxe4 Qe7 21.
Rad1 Nc5 22. Nc3 Rad8 23. Rxd8 Rxd8 24. Rd1 Ng7 25. Rxd8+ Qxd8 26. Qd1 Qf6 27.
Qd2 Nge6 28. f4 h5 29. h4 Kg7 30. Kf2 Nd7 31. Ne2 Ne5 32. Ke1 Ng4 33. Qc3 Qxc3+
34. Nxc3 Ne3 35. Bh3 Nc2+ 36. Kd2 Ncd4 37. Ke3 f5 38. e5 Kf7 39. Bf1 Ke7 40.
Bd3 b5 41. Nb1 Kd7 42. Nd2 Kc7 43. Bf1 Kb6 44. Kd3 Kc5 45. Kc3 Nc7 46. a3 Nd5+
47. Kd3 b4 48. a4 Nc7 49. Ke3 Nd5+ 50. Kd3 Nc7 51. Ke3 Nd5+ 52. Kd3 Nc7 1/2-1/2

[Event "GCT London Finals (tie-break) 2019"]
[Site "London ENG"]
[Date "2019.12.08"]
[Round "2"]
[White "Vachier-Lagrave, Maxime"]
[Black "Ding, Liren"]
[Result "1-0"]
[WhiteElo "2780"]
[BlackElo "2801"]
[PlyCount "164"]
[EventDate "2019.12.02"]

1. e4 e5 2. Nf3 Nc6 3. Bb5 a6 4. Ba4 Nf6 5. O-O Be7 6. Re1 b5 7. Bb3 d6 8. c3
O-O 9. h3 Re8 10. a4 Bb7 11. d3 h6 12. Nbd2 Bf8 13. Nf1 Nb8 14. Ng3 Nbd7 15.
Nf5 Nc5 16. Bc2 Nxa4 17. Bxa4 bxa4 18. Qxa4 d5 19. Qc2 Qd7 20. Ng3 Rad8 21. Ra5
c5 22. c4 dxc4 23. dxc4 Qd3 24. Qxd3 Rxd3 25. Bd2 Nd7 26. Bc3 f6 27. Nf1 Nb8
28. Ra3 Nc6 29. Rb3 Nb4 30. N3d2 Red8 31. Re2 a5 32. Ne3 a4 33. Ra3 Bc6 34. g4
Kf7 35. Kg2 g6 36. Nd5 Nc2 37. Ra2 f5 38. Nf3 Rxf3 39. Kxf3 Nb4 40. Ra1 fxe4+
41. Kxe4 Nxd5 42. cxd5 Rxd5 43. Ke3 h5 44. g5 e4 45. Rd2 Rxg5 46. Rd8 Rf5 47.
Rc8 Bh6+ 48. Ke2 Bb5+ 49. Ke1 e3 50. fxe3 Bxe3 51. Kd1 Bd3 52. Rxa4 Rf1+ 53.
Be1 c4 54. Rb4 Rh1 55. Rb7+ Kf6 56. Re8 Bd4 57. h4 c3 58. bxc3 Bxc3 59. Rb3
Rxe1+ 60. Rxe1 Bxe1 61. Kxe1 Be4 62. Rb5 Bf5 63. Kf2 g5 64. Rb6+ Kg7 65. hxg5
h4 66. Rh6 h3 67. Kg3 Bd7 68. Rf6 Bc8 69. Rf2 Kg6 70. Kh4 Bf5 71. Re2 Bd7 72.
Rd2 Bf5 73. Rd6+ Kg7 74. Kg3 Bc8 75. Rh6 Bf5 76. Kf4 Bd7 77. Ke5 Bg4 78. Rh4
Bd7 79. Ke4 Kg6 80. Kf4 Kg7 81. Rh6 Bc8 82. Rd6 Kf7 1-0

[Event "GCT London Finals (tie-break) 2019"]
[Site "London ENG"]
[Date "2019.12.08"]
[Round "2"]
[White "Carlsen, Magnus"]
[Black "Aronian, Levon"]
[Result "1-0"]
[WhiteElo "2872"]
[BlackElo "2775"]
[PlyCount "109"]
[EventDate "2019.12.02"]

1. e4 c5 2. Nf3 d6 3. d4 cxd4 4. Nxd4 Nf6 5. Nc3 a6 6. a3 g6 7. f3 Bg7 8. Be3
b5 9. Qd2 h5 10. a4 b4 11. Na2 a5 12. c3 bxc3 13. Bb5+ Bd7 14. Nxc3 O-O 15. O-O
Na6 16. Nc6 Bxc6 17. Bxc6 Rb8 18. Bb5 Nc5 19. Rad1 Qc7 20. Kh1 Rfd8 21. Bg5 Qa7
22. Qf2 Rdc8 23. Be3 Qc7 24. e5 Nh7 25. Nd5 Qa7 26. Nxe7+ Qxe7 27. exd6 Qe5 28.
f4 Qf5 29. d7 Ne4 30. dxc8=Q+ Qxc8 31. Qf3 Nhf6 32. Bd4 Qf8 33. Rfe1 Qb4 34. b3
Rd8 35. Bxf6 Rxd1 36. Rxd1 Bxf6 37. Bc4 Nd6 38. Qd5 Be7 39. Bd3 Kg7 40. g3 Qc3
41. Qe5+ Qxe5 42. fxe5 Nb7 43. Bc4 Nc5 44. Rf1 f5 45. exf6+ Bxf6 46. Rd1 Be7
47. Rd5 g5 48. Kg2 Kf6 49. Kf3 Kg6 50. Ke3 Kf6 51. h3 Kg6 52. g4 hxg4 53. hxg4
Kf6 54. Rf5+ Kg6 55. Kd4 1-0

[Event "GCT London Finals (tie-break) 2019"]
[Site "London ENG"]
[Date "2019.12.08"]
[Round "2"]
[White "Ding, Liren"]
[Black "Vachier-Lagrave, Maxime"]
[Result "1/2-1/2"]
[WhiteElo "2801"]
[BlackElo "2780"]
[PlyCount "96"]
[EventDate "2019.12.02"]

1. d4 Nf6 2. c4 g6 3. g3 c5 4. Nf3 Bg7 5. Bg2 O-O 6. O-O d6 7. d5 b5 8. cxb5 a6
9. bxa6 Bf5 10. Nc3 Ne4 11. Nxe4 Bxe4 12. Nd2 Bxg2 13. Kxg2 Qa5 14. Nc4 Qxa6
15. Qc2 Nd7 16. a4 Rfb8 17. Ra3 Nb6 18. Nxb6 Rxb6 19. b3 Rc8 20. Bd2 c4 21. a5
Rbb8 22. bxc4 Rxc4 23. Qd3 Qb5 24. Rc1 Rxc1 25. Qxb5 Rxb5 26. Bxc1 Bd4 27. a6
Rb8 28. Be3 Bxe3 29. Rxe3 Ra8 30. Ra3 Kf8 31. Kf3 Ke8 32. Kg4 f6 33. h4 Kd7 34.
h5 Ra7 35. f4 Kc7 36. hxg6 hxg6 37. f5 g5 38. Kh5 Kb6 39. Kg6 Kc5 40. e4 Kd4
41. Ra4+ Ke3 42. Kf7 Kf3 43. Ra3+ Kxe4 44. Ke6 g4 45. Ra4+ Kf3 46. Ra3+ Ke4 47.
Ra4+ Kf3 48. Ra3+ Ke4 1/2-1/2

[Event "GCT London Finals (tie-break) 2019"]
[Site "London ENG"]
[Date "2019.12.08"]
[Round "2"]
[White "Aronian, Levon"]
[Black "Carlsen, Magnus"]
[Result "1/2-1/2"]
[WhiteElo "2775"]
[BlackElo "2872"]
[PlyCount "112"]
[EventDate "2019.12.02"]

1. d4 e6 2. e4 d5 3. Nc3 Bb4 4. e5 Qd7 5. Nh3 b6 6. Nf4 Ba6 7. Bxa6 Nxa6 8. O-O
Bxc3 9. bxc3 Ne7 10. Nh5 Kf8 11. a4 Nb8 12. g4 Nbc6 13. f4 Rg8 14. Qd3 Ke8 15.
f5 exf5 16. gxf5 Kd8 17. Kh1 Kc8 18. f6 g6 19. Ng3 Nf5 20. Nxf5 gxf5 21. Qxf5
Nd8 22. Qxd7+ Kxd7 23. Rf3 Ne6 24. Rh3 Rh8 25. Be3 Rag8 26. Rg1 Rxg1+ 27. Kxg1
h5 28. Kf2 c5 29. Ke2 a5 30. Rg3 Kc6 31. dxc5 bxc5 32. Kd3 h4 33. Rg4 h3 34. c4
Rb8 35. Bd2 Rb1 36. Rh4 dxc4+ 37. Kxc4 Ra1 38. Kd3 Ra3+ 39. c3 Kd5 40. Rxh3 c4+
41. Ke3 Rxa4 42. Rh7 Kxe5 43. Rxf7 Ra1 44. h4 a4 45. h5 a3 46. Ra7 Kxf6 47. h6
Rh1 48. Rxa3 Rxh6 49. Ke4 Rh5 50. Be3 Re5+ 51. Kf3 Rf5+ 52. Ke2 Ke5 53. Ra5+
Ke4 54. Ra4 Kd5 55. Ra5+ Ke4 56. Ra4 Kd5 1/2-1/2

[Event "GCT London Finals (tie-break) 2019"]
[Site "London ENG"]
[Date "2019.12.08"]
[Round "2"]
[White "Vachier-Lagrave, Maxime"]
[Black "Ding, Liren"]
[Result "1-0"]
[WhiteElo "2780"]
[BlackElo "2801"]
[PlyCount "105"]
[EventDate "2019.12.02"]

1. e4 e5 2. Nf3 Nc6 3. Bb5 a6 4. Ba4 Nf6 5. O-O Be7 6. d4 exd4 7. e5 Nd5 8.
Nxd4 Nxd4 9. Qxd4 Nb6 10. Bb3 O-O 11. Bf4 d5 12. exd6 Bxd6 13. Bxd6 Qxd6 14.
Qxd6 cxd6 15. Re1 d5 16. Nd2 a5 17. a3 Bd7 18. Nf3 Rfe8 19. Nd4 Kf8 20. f3
Rxe1+ 21. Rxe1 Re8 22. Rd1 Ke7 23. Kf2 Kd6 24. h4 Kc5 25. Ba2 Nc4 26. Nb3+ Kc6
27. Nd4+ Kc5 28. Bxc4 dxc4 29. c3 b5 30. b4+ Kb6 31. Ne2 Bc6 32. h5 axb4 33.
axb4 Ra8 34. Rd2 Kc7 35. Ke3 Ra1 36. Kf4 h6 37. Nd4 Rc1 38. Rc2 Rxc2 39. Nxc2
Kd6 40. Nd4 Bd7 41. Nf5+ Bxf5 42. Kxf5 Kd5 43. g4 Kd6 44. f4 Ke7 45. Ke5 g6 46.
f5 gxh5 47. gxh5 Kd7 48. Kf6 Ke8 49. Kg7 Ke7 50. Kxh6 Kf6 51. Kh7 Kxf5 52. Kg7
Kg5 53. h6 1-0

[Event "GCT London Finals (tie-break) 2019"]
[Site "London ENG"]
[Date "2019.12.08"]
[Round "2"]
[White "Carlsen, Magnus"]
[Black "Aronian, Levon"]
[Result "0-1"]
[WhiteElo "2872"]
[BlackElo "2775"]
[PlyCount "128"]
[EventDate "2019.12.02"]

1. e4 e5 2. Nf3 Nc6 3. g3 d5 4. exd5 Qxd5 5. Nc3 Qd6 6. Bg2 Bg4 7. h3 Bh5 8. g4
Bg6 9. Nh4 O-O-O 10. d3 Nd4 11. Nxg6 hxg6 12. Ne4 Qd7 13. c3 Ne6 14. Qb3 Qxd3
15. Be3 Qa6 16. Bf1 Qc6 17. Bg2 Qa6 18. Bf1 Qc6 19. Qc4 Nf6 20. Qxc6 bxc6 21.
Ba6+ Kb8 22. Ng5 Nxg5 23. Bxg5 Bc5 24. Ke2 Rd6 25. f3 Nd5 26. Rad1 f6 27. Bc1
g5 28. Rd3 Nf4+ 29. Bxf4 exf4 30. Kd2 Be3+ 31. Kc2 c5 32. Rxd6 cxd6 33. Bc4 Kc7
34. Bd5 a5 35. Kd3 Kb6 36. Kc4 Bf2 37. Rh2 Be3 38. Be4 Bg1 39. Rd2 Kc7 40. Kb5
Rxh3 41. Kxa5 g6 42. Rd1 Be3 43. Rf1 Rh2 44. b4 Rxa2+ 45. Kb5 cxb4 46. cxb4 f5
47. gxf5 gxf5 48. Bxf5 d5 49. Rh1 Kd6 50. Rh5 Rb2 51. Rxg5 Bd2 52. Rg6+ Ke5 53.
Bd3 Kd4 54. Bf5 Bxb4 55. Kc6 Ra2 56. Rg4 Bd2 57. Rg1 Ra6+ 58. Kb5 Ra3 59. Bg4
Rc3 60. Rh1 Ke3 61. Rh8 d4 62. Rd8 d3 63. Bf5 Be1 64. Re8+ Kf2 0-1

[Event "4th GP Series, Knockout 2019"]
[Site "Jerusalem ISR"]
[Date "2019.12.11"]
[Round "1"]
[White "Topalov, Veselin"]
[Black "Vachier-Lagrave, Maxime"]
[Result "1/2-1/2"]
[WhiteElo "2737"]
[BlackElo "2780"]
[PlyCount "71"]
[EventDate "2019.12.11"]

1. c4 c5 2. g3 g6 3. Bg2 Bg7 4. Nc3 Nc6 5. Nf3 d6 6. O-O Bf5 7. b3 Nf6 8. Bb2
Ne4 9. Na4 Bxb2 10. Nxb2 Qd7 11. Nh4 Nf6 12. Nxf5 Qxf5 13. e3 O-O 14. Na4 Rad8
15. a3 Qc8 16. Rc1 Kg7 17. Qc2 h5 18. h3 b6 19. Nc3 Rfe8 20. f4 e6 21. Qb2 Kg8
22. Ne2 Nh7 23. d4 cxd4 24. Nxd4 Nxd4 25. exd4 Nf6 26. Kh2 Kg7 27. b4 Qc7 28.
a4 e5 29. fxe5 dxe5 30. c5 h4 31. cxb6 hxg3+ 32. Kh1 Qxb6 33. Rc6 Qxd4 34. Qxd4
Rxd4 35. Rcxf6 Re7 36. R6f3 1/2-1/2

[Event "4th GP Series, Knockout 2019"]
[Site "Jerusalem ISR"]
[Date "2019.12.11"]
[Round "1"]
[White "Wojtaszek, Radoslaw"]
[Black "Andreikin, Dmitry"]
[Result "1/2-1/2"]
[WhiteElo "2725"]
[BlackElo "2724"]
[PlyCount "140"]
[EventDate "2019.12.11"]

1. d4 Nf6 2. c4 e6 3. Nf3 d5 4. Nc3 Be7 5. Bf4 O-O 6. e3 Nbd7 7. Be2 dxc4 8.
O-O Nd5 9. Bxc4 N7b6 10. Nxd5 exd5 11. Bd3 c6 12. Qc2 h6 13. h3 Be6 14. Rad1
Nc4 15. b3 Nd6 16. Ne5 a5 17. a4 Qb6 18. Rc1 Rac8 19. f3 Ne8 20. Qb2 Nf6 21.
Bg3 c5 22. Bb5 cxd4 23. exd4 Nh5 24. Bf2 Bg5 25. Rxc8 Rxc8 26. Re1 Bf5 27. Bd3
Bxd3 28. Nxd3 Nf4 29. Qb1 Qg6 30. Nxf4 Qxb1 31. Rxb1 Bxf4 32. Kf1 Bd2 33. Be1
Rc2 34. Bxd2 Rxd2 35. b4 Rxd4 36. bxa5 Rxa4 37. Rb5 d4 38. Ke2 Ra3 39. h4 g6
40. g4 Re3+ 41. Kf2 Ra3 42. Ke2 Kg7 43. Rxb7 Rxa5 44. Rd7 Ra2+ 45. Kd3 Rh2 46.
Rxd4 Rxh4 47. Ke3 Rh2 48. Kf4 Rg2 49. Rd5 g5+ 50. Ke3 Ra2 51. Rb5 Kg6 52. Rb6+
f6 53. Rc6 Ra4 54. Kf2 Rf4 55. Kg3 h5 56. gxh5+ Kxh5 57. Ra6 Kg6 58. Rc6 Rd4
59. Ra6 Rd5 60. Rb6 Kf5 61. Ra6 Ke5 62. Rb6 f5 63. Rg6 Rd1 64. Rxg5 Rg1+ 65.
Kh4 Rh1+ 66. Kg3 Kf6 67. f4 Rg1+ 68. Kf3 Rxg5 69. fxg5+ Kxg5 70. Kg3 f4+
1/2-1/2

[Event "4th GP Series, Knockout 2019"]
[Site "Jerusalem ISR"]
[Date "2019.12.11"]
[Round "1"]
[White "Yu, Yangyi"]
[Black "So, Wesley"]
[Result "1/2-1/2"]
[WhiteElo "2738"]
[BlackElo "2760"]
[PlyCount "44"]
[EventDate "2019.12.11"]

1. d4 Nf6 2. c4 e6 3. Nf3 d5 4. Nc3 Be7 5. g3 O-O 6. Bg2 dxc4 7. Ne5 c5 8. dxc5
Qxd1+ 9. Nxd1 Bxc5 10. Nc3 Nc6 11. Nxc4 Nd5 12. Nxd5 exd5 13. Bxd5 Nb4 14. Be3
Be7 15. Be4 Be6 16. Na3 Bxa2 17. Nb5 Bc4 18. Nd4 Bd5 19. Bxd5 Nxd5 20. Nf5 Bb4+
21. Bd2 Rfd8 22. O-O-O Rac8+ 1/2-1/2

[Event "4th GP Series, Knockout 2019"]
[Site "Jerusalem ISR"]
[Date "2019.12.11"]
[Round "1"]
[White "Wei, Yi"]
[Black "Giri, Anish"]
[Result "1/2-1/2"]
[WhiteElo "2725"]
[BlackElo "2769"]
[PlyCount "117"]
[EventDate "2019.12.11"]

1. e4 c5 2. Nf3 d6 3. d4 cxd4 4. Nxd4 Nf6 5. Nc3 a6 6. Be3 e5 7. Nf3 Be7 8. Nd2
b5 9. a4 b4 10. Nd5 Nxd5 11. exd5 O-O 12. Nc4 Nd7 13. a5 Rb8 14. Be2 f5 15. O-O
Kh8 16. Ba7 Rb7 17. Bb6 Nxb6 18. Nxb6 Rxb6 19. axb6 Qxb6 20. c3 bxc3 21. bxc3
e4 22. Qd4 Qxd4 23. cxd4 Bf6 24. Ra4 Bb7 25. Bc4 Bxd4 26. Rb1 Ba8 27. Rxa6 Bc5
28. Ra5 g6 29. Rab5 Ba7 30. Ra5 Bc5 31. Kf1 Rd8 32. Rab5 Ba7 33. Ra5 Bd4 34.
Ke2 Kg7 35. Rd1 Bb6 36. Ra4 Bc5 37. Bb5 Kf6 38. Bc6 Bxc6 39. dxc6 Ke5 40. Rb1
Rc8 41. Ra6 d5 42. Rb5 Bd6 43. g3 Bc7 44. Ra2 Rd8 45. Ra7 Rc8 46. Ra2 Rd8 47.
Ra7 Rc8 48. Ke3 g5 49. f4+ exf3 50. Kxf3 Kd6 51. Ra2 Re8 52. Rc2 Re4 53. Rd2
Re5 54. Rb1 h5 55. Rc1 Re4 56. Rcd1 Re5 57. Rc1 Re4 58. Rcd1 Re5 59. Rc1
1/2-1/2

[Event "4th GP Series, Knockout 2019"]
[Site "Jerusalem ISR"]
[Date "2019.12.11"]
[Round "1"]
[White "Harikrishna, Pentala"]
[Black "Karjakin, Sergey"]
[Result "1/2-1/2"]
[WhiteElo "2724"]
[BlackElo "2754"]
[PlyCount "41"]
[EventDate "2019.12.11"]

1. e4 e5 2. Nf3 Nc6 3. Bb5 Nf6 4. O-O Nxe4 5. Re1 Nd6 6. Nxe5 Be7 7. Bf1 Nxe5
8. Rxe5 O-O 9. Nc3 Ne8 10. Nd5 Bd6 11. Re1 c6 12. Ne3 Bc7 13. Nf5 d5 14. Ne7+
Kh8 15. Nxc8 Rxc8 16. d3 f5 17. Qf3 Nf6 18. Bf4 Bxf4 19. Qxf4 Qc7 20. Qxc7 Rxc7
21. Re5 1/2-1/2

[Event "4th GP Series, Knockout 2019"]
[Site "Jerusalem ISR"]
[Date "2019.12.11"]
[Round "1"]
[White "Navara, David"]
[Black "Wang, Hao"]
[Result "1/2-1/2"]
[WhiteElo "2707"]
[BlackElo "2756"]
[PlyCount "100"]
[EventDate "2019.12.11"]

1. d4 d5 2. c4 e6 3. Nf3 Nf6 4. g3 Be7 5. Bg2 O-O 6. Nc3 Nbd7 7. O-O dxc4 8. a4
c5 9. a5 a6 10. d5 exd5 11. Nxd5 Nxd5 12. Qxd5 Nb8 13. Qxc4 Nc6 14. Bd2 Be6 15.
Qa4 Qd5 16. Bc3 Qh5 17. Rfd1 Rfd8 18. Qf4 Rac8 19. Ne5 Nxe5 20. Qxe5 Qxe5 21.
Bxe5 f6 22. Bc3 Rxd1+ 23. Rxd1 Rb8 24. f4 Kf7 25. Kf2 g6 26. h3 h5 27. Bd5 f5
28. Kf3 b5 29. axb6 Rxb6 30. e4 fxe4+ 31. Kxe4 Bf6 32. Bxe6+ Rxe6+ 33. Be5 Rb6
34. Kd5 Bxe5 35. fxe5 Rxb2 36. Rf1+ Ke7 37. Rf6 Rd2+ 38. Kxc5 a5 39. Rxg6 a4
40. Ra6 a3 41. Rxa3 Ke6 42. Ra6+ Kxe5 43. Rh6 Rd5+ 44. Kc6 Ke4 45. h4 Rd3 46.
Rg6 Kf3 47. Rg5 Rd4 48. Rxh5 Kxg3 49. Kc5 Rxh4 50. Rxh4 Kxh4 1/2-1/2

[Event "4th GP Series, Knockout 2019"]
[Site "Jerusalem ISR"]
[Date "2019.12.11"]
[Round "1"]
[White "Mamedyarov, Shakhriyar"]
[Black "Jakovenko, Dmitry"]
[Result "1/2-1/2"]
[WhiteElo "2772"]
[BlackElo "2698"]
[PlyCount "65"]
[EventDate "2019.12.11"]

1. d4 Nf6 2. c4 e6 3. Nc3 Bb4 4. Nf3 b6 5. Qb3 c5 6. dxc5 bxc5 7. g3 Nc6 8. Bg2
Ba6 9. O-O O-O 10. Bf4 d5 11. Qa4 Qb6 12. Nb5 Qa5 13. Qxa5 Bxa5 14. a4 Bb6 15.
Rfd1 Na5 16. Nd2 Rac8 17. b3 Rfd8 18. Rab1 Nc6 19. e4 dxc4 20. bxc4 e5 21. Bg5
Nd4 22. Kf1 Bxb5 23. axb5 Rd6 24. Rb2 Ne6 25. Bxf6 gxf6 26. Ra1 Rcd8 27. Ke1
Rd4 28. h4 Ng7 29. Bh3 Ne8 30. f3 Ng7 31. Rc2 Rd3 32. Ke2 Ne6 33. Bxe6 1/2-1/2

[Event "4th GP Series, Knockout 2019"]
[Site "Jerusalem ISR"]
[Date "2019.12.12"]
[Round "2"]
[White "Vachier-Lagrave, Maxime"]
[Black "Topalov, Veselin"]
[Result "1/2-1/2"]
[WhiteElo "2780"]
[BlackElo "2737"]
[PlyCount "51"]
[EventDate "2019.12.11"]

1. e4 e5 2. Nf3 Nc6 3. Bb5 Nf6 4. O-O Nxe4 5. d4 Nd6 6. Bxc6 dxc6 7. dxe5 Nf5
8. Qxd8+ Kxd8 9. h3 Bd7 10. Rd1 Kc8 11. g4 Ne7 12. Ng5 Be8 13. f4 h6 14. Ne4 h5
15. Kg2 b6 16. c4 Ng6 17. Nbc3 Be7 18. Be3 Kb7 19. Ng3 hxg4 20. hxg4 Rh4 21.
Nf5 Rxg4+ 22. Kf3 Rh4 23. Nxh4 Nxh4+ 24. Kg4 g6 25. Bf2 Nf5 26. Rd2 1/2-1/2

[Event "4th GP Series, Knockout 2019"]
[Site "Jerusalem ISR"]
[Date "2019.12.12"]
[Round "2"]
[White "Andreikin, Dmitry"]
[Black "Wojtaszek, Radoslaw"]
[Result "1/2-1/2"]
[WhiteElo "2724"]
[BlackElo "2725"]
[PlyCount "147"]
[EventDate "2019.12.11"]

1. d4 Nf6 2. Nf3 d5 3. c4 e6 4. Nc3 Bb4 5. Qa4+ Nc6 6. e3 O-O 7. Bd2 dxc4 8.
Bxc4 Bd6 9. Qc2 a6 10. a3 e5 11. dxe5 Nxe5 12. Nxe5 Bxe5 13. f4 Bxc3 14. Bxc3
Ng4 15. Bd4 c5 16. Bxc5 Re8 17. O-O Nxe3 18. Bxe3 Rxe3 19. Qf2 Re8 20. f5 Qf6
21. Rad1 b5 22. Ba2 Rb8 23. Qc5 Qb6 24. b4 Qxc5+ 25. bxc5 Rb7 26. c6 Rc7 27.
Rd6 Kf8 28. f6 gxf6 29. Rdxf6 Ree7 30. Bd5 Kg7 31. Rd6 Be6 32. Bf3 Re8 33. Kf2
Kf8 34. Re1 Rb8 35. Ke3 b4 36. axb4 Rxb4 37. Ra1 Bc4 38. Rad1 Rb3+ 39. Kd4 Be6
40. Rd8+ Ke7 41. Ra8 Rb4+ 42. Kc5 Rb5+ 43. Kd4 Rb4+ 44. Ke3 Bg4 45. Rxa6 Bxf3
46. Kxf3 Rc4 47. Rd7+ Rxd7 48. cxd7 Kxd7 49. Rh6 Ke7 50. g4 Rc3+ 51. Kf4 Rc4+
52. Kg3 Rc3+ 53. Kh4 Rc2 54. h3 Rc3 55. g5 Kf8 56. Rxh7 Kg8 57. Rh6 Kg7 58. Rf6
Rc4+ 59. Kg3 Rc3+ 60. Kg4 Rc4+ 61. Kh5 Rc3 62. h4 Rc4 63. Ra6 Rb4 64. Ra1 Rc4
65. Rg1 Ra4 66. Rg4 Rxg4 67. Kxg4 f6 68. Kf5 fxg5 69. hxg5 Kf7 70. g6+ Kg7 71.
Kg5 Kg8 72. Kf6 Kf8 73. g7+ Kg8 74. Kg6 1/2-1/2